LEADER 05459nam 22008535 450 001 996475757303316 005 20231110232048.0 010 $a3-11-075290-5 024 7 $a10.1515/9783110752908 035 $a(CKB)5460000000198795 035 $a(DE-B1597)584709 035 $a(DE-B1597)9783110752908 035 $a(MiAaPQ)EBC7015472 035 $a(Au-PeEL)EBL7015472 035 $a(OCoLC)1313536378 035 $a(EXLCZ)995460000000198795 100 $a20220524h20222022 fg 101 0 $aeng 135 $aur||#|||||||| 181 $ctxt$2rdacontent 182 $cc$2rdamedia 183 $acr$2rdacarrier 200 00$aKarl Barth?s Epistle to the Romans $eRetrospect and Prospect /$fed. by Christophe Chalamet, Andreas Dettwiler, Sarah Stewart-Kroeker 210 1$aBerlin ;$aBoston :$cDe Gruyter,$d[2022] 210 4$d©2022 215 $a1 online resource (VIII, 495 p.) 225 0 $aTheologische Bibliothek Töpelmann ,$x0563-4288 ;$v196 311 $a3-11-075052-X 330 $aKarl Barth?s commentary on Paul?s epistle to the Romans, in its two editions (1919 and 1922), is one of the most significant works published in Christian theology in the 20th century. This book, which landed ?like a bombshell on the theologians? playground,? still deserves close scrutiny one hundred years after its publication.In this volume, New Testament scholars, philosophers of religion and systematic theologians ponder the intricacies of Barth?s ?expressionistic? commentary, pointing out the ways in which Barth interprets Paul?s epistle for his own day, how this actualized interpretation of the apostle?s message challenged the theology of Barth?s time, and how some of the insights he articulated in 1919 and in 1922 have shaped Christian theology up to our day. With his commentary, the young Swiss pastor paved the way for a renewed, intensely theological interpretation of the Scriptures.The volume thus centers of some of the key themes which run through Barth?s commentary: faith as divine gift beyond any human experience or psychological data, the Easter event as the turning point of the world?s history, God?s judgment and mercy and God?s one Word in Jesus Christ.This volume represents a major contribution to the interpretation of Karl Barth?s early thought. 410 0$aTheologische Bibliothek Töpelmann 606 $aTheology, Doctrinal 610 $aEpistle to the Romans. 610 $aKarl Barth. 610 $adialectical theology. 610 $atheological and philosophical hermeneutics. 615 0$aTheology, Doctrinal. 676 $a227.107 702 $aAskani$b Hans-Christoph$4ctb$4https://id.loc.gov/vocabulary/relators/ctb 702 $aBarclay$b John M. G.$4ctb$4https://id.loc.gov/vocabulary/relators/ctb 702 $aBourgine$b Benoît$4ctb$4https://id.loc.gov/vocabulary/relators/ctb 702 $aChalamet$b Christophe$4ctb$4https://id.loc.gov/vocabulary/relators/ctb 702 $aChalamet$b Christophe$4edt$4http://id.loc.gov/vocabulary/relators/edt 702 $aDermange$b François$4ctb$4https://id.loc.gov/vocabulary/relators/ctb 702 $aDettwiler$b Andreas$4ctb$4https://id.loc.gov/vocabulary/relators/ctb 702 $aDettwiler$b Andreas$4edt$4http://id.loc.gov/vocabulary/relators/edt 702 $aElliott$b Mark W.$4ctb$4https://id.loc.gov/vocabulary/relators/ctb 702 $aFeneuil$b Anthony$4ctb$4https://id.loc.gov/vocabulary/relators/ctb 702 $aGaventa$b Beverly Roberts$4ctb$4https://id.loc.gov/vocabulary/relators/ctb 702 $aGisel$b Pierre$f1947-$4ctb$4https://id.loc.gov/vocabulary/relators/ctb 702 $aGockel$b Matthias$4ctb$4https://id.loc.gov/vocabulary/relators/ctb 702 $aGrondin$b Jean$4ctb$4https://id.loc.gov/vocabulary/relators/ctb 702 $aJaillet$b Elio$4ctb$4https://id.loc.gov/vocabulary/relators/ctb 702 $aKaltwasser$b Cambria Janae$4ctb$4https://id.loc.gov/vocabulary/relators/ctb 702 $aKelly$b Declan$4ctb$4https://id.loc.gov/vocabulary/relators/ctb 702 $aManent$b Pierre$4ctb$4https://id.loc.gov/vocabulary/relators/ctb 702 $aMarga$b Amy E.$f1972-,$4ctb$4https://id.loc.gov/vocabulary/relators/ctb 702 $aMarion$b Jean-Luc$f1946-$4ctb$4https://id.loc.gov/vocabulary/relators/ctb 702 $aMcCormack$b Bruce L.$4ctb$4https://id.loc.gov/vocabulary/relators/ctb 702 $aPeterson$b Andrew J.$4ctb$4https://id.loc.gov/vocabulary/relators/ctb 702 $aStewart-Kroeker$b Sarah$4ctb$4https://id.loc.gov/vocabulary/relators/ctb 702 $aStewart-Kroeker$b Sarah$4edt$4http://id.loc.gov/vocabulary/relators/edt 702 $aThomas$b Günter$4ctb$4https://id.loc.gov/vocabulary/relators/ctb 702 $aWatson$b Brandon K.$f1987-$4ctb$4https://id.loc.gov/vocabulary/relators/ctb 702 $aWelz$b Claudia$4ctb$4https://id.loc.gov/vocabulary/relators/ctb 702 $aWüthrich$b Matthias D.$4ctb$4https://id.loc.gov/vocabulary/relators/ctb 702 $aZerra$b Luke$4ctb$4https://id.loc.gov/vocabulary/relators/ctb 702 $aZiegler$b Philip Gordon$4ctb$4https://id.loc.gov/vocabulary/relators/ctb 702 $aZocher$b Peter$4ctb$4https://id.loc.gov/vocabulary/relators/ctb 801 0$bDE-B1597 801 1$bDE-B1597 906 $aBOOK 912 $a996475757303316 996 $aKarl Barth?s Epistle to the Romans$92849287 997 $aUNISA LEADER 03248nam 2200481 450 001 9910818879903321 005 20191120125430.0 010 $a2-8047-0139-5 035 $a(CKB)3170000000054004 035 $a(WaSeSS)IndRDA00066073 035 $a(Au-PeEL)EBL5693246 035 $a(CaPaEBR)ebr11655065 035 $a(OCoLC)1086125323 035 $a(FRCAIRNINFO)FRCAIRNINFO-MARD_GUIMO_2010_01 035 $a(MiAaPQ)EBC5693246 035 $a(PPN)164734155 035 $a(EXLCZ)993170000000054004 100 $a20191120h20132010 uy 0 101 0 $afre 135 $aurcnu|||||||| 181 $ctxt$2rdacontent 182 $cc$2rdamedia 183 $acr$2rdacarrier 200 10$aPsychologie sociale $eperspective multiculturelle /$fSergue Guimond 210 1$aBruxelles :$cMardaga,$d2013. 210 4$d©2010 215 $a1 online resource (296 p.) 225 1 $aPSY-Individus, groupes, culture 311 $a2-8047-0032-1 320 $aIncludes bibliographical references. 330 $aAu carrefour d'une préoccupation pour les phénomènes psychologiques et pour les faits de société, la psychologie sociale occupe une place privilégiée parmi les sciences humaines et sociales. Dans un langage simple et accessible, cet ouvrage en expose les principes fondamentaux et offre, pour la première fois en langue française, une perspective multiculturelle sur les objets d'études de la psychologie sociale. Une telle perspective qui place l'influence de la culture au centre de l'analyse est devenue incontournable. Les recherches réalisées au cours des 30 dernières années ont en effet convaincu les psychologues sociaux, en Amérique comme en Europe, qu'il n'est plus possible de prétendre développer des théories générales du comportement humain tout en étudiant les phénomènes psychologiques au sein d'une seule culture. Considérer le rôle de la culture, c'est questionner le fondement même de la discipline : Les lois de la psychologie sociale sont-elles universelles ? Les phénomènes de conformisme ou d'influence étudiés classiquement en psychologie sociale prennent-ils des formes différentes selon le contexte culturel? La culture exerce-t-elle une influence déterminante sur le fonctionnement psychologique ? Les stéréotypes culturels ont-ils un fondement dans la réalité ? Quels sont les moyens d'améliorer les relations entre les membres de communautés culturelles distinctes ? En dix chapitres, ce volume fait le point sur ces questions en introduisant les principales théories et recherches de la psychologie sociale, en évaluant leur validité interculturelle, et en élaborant les questions à approfondir. Il offre ainsi une perspective d'intégration qui s'avère essentielle face à l'accroissement des connaissances dans les sciences humaines et sociales. 410 0$aPsy, individus, groupes, cultures. 606 $aMulticulturalism$xPsychological aspects 615 0$aMulticulturalism$xPsychological aspects. 676 $a305.8 700 $aGuimond$b Sergue$01683012 801 0$bMiAaPQ 801 1$bMiAaPQ 801 2$bMiAaPQ 906 $aBOOK 912 $a9910818879903321 996 $aPsychologie sociale$94053509 997 $aUNINA LEADER 05428nam 2200673 a 450 001 9911006772503321 005 20200520144314.0 010 $a1-282-61857-1 010 $a9786612618574 010 $a0-08-094945-2 035 $a(CKB)1000000000789526 035 $a(EBL)583440 035 $a(OCoLC)700690214 035 $a(SSID)ssj0000331998 035 $a(PQKBManifestationID)12081930 035 $a(PQKBTitleCode)TC0000331998 035 $a(PQKBWorkID)10331449 035 $a(PQKB)10164968 035 $a(MiAaPQ)EBC583440 035 $a(EXLCZ)991000000000789526 100 $a20090507d2010 uy 0 101 0 $aeng 135 $aur|n|---||||| 181 $ctxt 182 $cc 183 $acr 200 10$aGroundwater hydrology of springs $eengineering, theory, management, and sustainability /$fNeven Kresic, Zoran Stevanovic 210 $aAmsterdam ;$aBoston $cButterworth-Heinemann$dc2010 215 $a1 online resource (593 p.) 300 $aDescription based upon print version of record. 311 $a1-85617-502-2 320 $aIncludes bibliographical references and index. 327 $aFront Cover; Groundwater Hydrology of Springs; Copyright Page; Contents; Preface; About the Editors; List of Contributors; Chapter 1: Sustainability and management of springs; 1.1 Introduction; 1.2 Concept of sustainability; 1.3 Spring management; 1.3.1 Source and resource protection; 1.3.2 Protection versus restoration; References; Chapter 2: Types and classifications of springs; 2.1 Types of springs; 2.1.1 Submerged springs; 2.1.2 Thermal and mineral springs; 2.2 Classifications of springs; 2.3 Karst springs and karst aquifers; 2.4 Springs in extrusive volcanic rocks; References 327 $aChapter 3: Recharge of springs3.1 Gaining, losing, and sinking streams; 3.2 Artificial and environmental tracer methods; 3.2.1 Artificial tracers; 3.2.2 Environmental isotopes; References; Chapter 4: Spring discharge hydrograph; 4.1 Introduction; 4.2 Equations of recession discharge; 4.2.1 Approximation with linear reservoirs; 4.3 Separation of discharge components; 4.4 Probability of spring flows; 4.4.1 Probability of minimum and maximum flows; 4.4.2 Time series analysis; 4.4.3 Frequency analysis of extreme flows; References; Chapter 5: Modeling; 5.1 Introduction 327 $a5.2 Correlation and regression5.3 Autocorrelation and cross-correlation; 5.4 Autoregressive-cross-regressive models (ARCR); 5.5 System analysis and transfer functions; 5.5.1 Composite transfer functions; IUH for the slow flow; Antecedent recession; Effective rainfall; Parameter estimation; 5.5.2 Application for water management; 5.6 Time series models; 5.7 Deterministic models; 5.7.1 Analytic models (equations of groundwater flow); Aquifer in unconsolidated sediments; Fractured rock aquifer; Karst and pseudokarst aquifers; 5.7.2 Representative hydraulic heads; 5.7.3 Numeric Models; References 327 $aChapter 6: Springwater geochemistry6.1 Physical chemistry of natural waters; 6.1.1 Introduction; 6.1.2 Chemical equilibrium and mineral saturation; 6.2 Springwater from silicate rocks; 6.2.1 The dissolution of silica and silicates; 6.2.2 Springs in shales, sandstones, and granites; 6.2.3 Cold water springs in volcanic rocks; 6.3 Springwater from carbonate rocks; 6.3.1 The dissolution of limestone and dolomite; 6.3.2 Chemical kinetics and nonequilibrium; 6.3.3 Chemical characterization of carbonate springwater; Hardness; Ca/Mg ratio; Calculated Co2 partial pressure; The saturation index 327 $a6.3.4 The chemistry of karst springs6.3.5 Time-dependent spring chemistry: Chemographs, turbidographs, and storm flow; 6.3.6 Travertine-depositing springs; 6.3.7 Contaminant transport in carbonate springs; Water-soluble compounds; Light, nonaqueous phase liquids; Dense, nonaqueous phase liquids; Metals; Pathogens; Trash; 6.4 Gypsum springs; 6.5 Mineral springs and thermal springs; 6.5.1 Sulfur springs; 6.5.2 Brine and brackish springs; 6.5.3 Carbonated springs from deep sources; 6.5.4 Water chemistry at high temperatures; 6.5.5 Volcanic hot springs; 6.6 Conclusions; Acknowledgments 327 $aReferences 330 $aGroundwater Hydrology of Water Resource Series Water is an essential environmental resource and one that needs to be properly managed. As the world places more emphasis on sustainable water supplies, the demand for expertise in hydrology and water resources continues to increase. This series is intended for professional engineers, who seek a firm foundation in hydrology and an ability to apply this knowledge to solve problems in water resource management. Future books in the series are: Groudwater Hydrology of Springs (2009), Groudwater Hydrology of River Basins (2009), Groudwater Hydrolog 606 $aGroundwater$xQuality 606 $aWater quality management 606 $aGroundwater$xManagement 606 $aHydrogeology 606 $aSprings 615 0$aGroundwater$xQuality. 615 0$aWater quality management. 615 0$aGroundwater$xManagement. 615 0$aHydrogeology. 615 0$aSprings. 676 $a628.1/12 700 $aKres?ic?$b Neven$0508887 701 $aStevanovic?$b Zoran$01823834 801 0$bMiAaPQ 801 1$bMiAaPQ 801 2$bMiAaPQ 906 $aBOOK 912 $a9911006772503321 996 $aGroundwater hydrology of springs$94390803 997 $aUNINA